000 01850nam a22004337a 4500
003 CHAP
005 20220329140518.0
008 971013s1938 r 00010 d
010 _a53111
011 _a54083
035 _a58233
040 _cCHAP
082 _a330
_bS43 1938
100 0 0 _aSegal, Luis.
_9175435
245 _aPrincipios de economía política
250 _a2 ed.
260 _aMéxico, D.F. :
_bEd. América,
_c1938
300 _a422 p.
590 _aBATCH-UPD
_b10
_c20130110
_lUCH01
_h0522
590 _aBATCH-UPD
_b10
_c20130410
_lUCH01
_h0202
590 _aBATCH-UPD
_b10
_c20130914
_lUCH01
_h1231
590 _aCONVERSION
_b10
_c20130109
_lUCH01
_h1329
650 1 4 _aEconomía.
_935226
901 _aBK
942 _cLIBRO
949 _a330 S43 1938
_bBC
_cLIBRO
_d33724000305322
_eLIBRO
_fc.2
_h47942
_i58233
_si
949 _a330 S43 1938
_bBC
_cLIBRO
_d33724000305330
_eLIBRO
_fc.4
_h14100
_i58233
_si
949 _a330 S43 1938
_bBC
_cLIBRO
_d33724000305348
_eLIBRO
_fc.5
_h14101
_i58233
_si
949 _a330 S43 1938
_bBC
_cLIBRO
_d33724000305355
_eLIBRO
_fc.11
_h15239
_i58233
_si
949 _a330 S43 1938
_bBC
_cLIBRO
_d33724000305363
_eLIBRO
_fc.12
_h17603
_i58233
_si
949 _a330 S43 1938
_bBC
_cLIBRO
_d33724000305371
_eLIBRO
_fc.13
_h29277
_i58233
_si
949 _a330 S43 1938
_bBC
_cLIBRO
_d33724000305389
_eLIBRO
_fc.14
_h31940
_i58233
_si
949 _a330 S43 1938
_bBC
_cLIBRO
_d33724000305397
_eLIBRO
_fc.15
_h31941
_i58233
_si
949 _a330 S43 1938
_bBC
_cLIBRO
_d33724000305405
_eLIBRO
_fc.16
_h32242
_i58233
_si
949 _a330 S43 1938
_bBC
_cLIBRO
_d33724000610747
_eLIBRO
_h1414
_i58233
_si
949 _a330 S43 1938
_bBC
_cLIBRO
_d33724000611539
_eLIBRO
_fc.10
_h13893
_i58233
_si
949 _a330 S43 1938
_bBC
_cLIBRO
_d33724000628368
_eLIBRO
_fc.7
_h15238
_i58233
_si
949 _a330 S43 1938
_bBC
_cLIBRO
_d33724000628376
_eLIBRO
_fc.6
_h14102
_i58233
_si
999 _c53111
_d53111